Technologické inovácie v podnikoch cestovného ruchu diplomová práca

Guardado en:
Detalles Bibliográficos
Autor principal: Zsideková, Bianka
Autor Corporativo: Obchodná fakulta EU. Katedra cestovného ruchu
Otros Autores: Benešová, Dana, 1958-
Formato: Libro
Lenguaje:eslovaco
Publicado: Bratislava 2023
Etiquetas: Agregar Etiqueta
Sin Etiquetas, Sea el primero en etiquetar este registro!

MARC

LEADER 00000nbm a2200000 4500
001 0293971
005 20240123102250.7
041 0 |a slo 
044 |a SK 
245 1 0 |a Technologické inovácie v podnikoch cestovného ruchu  |b diplomová práca  |c Bianka Zsideková ; školiteľ: Dana Benešová 
264 1 |a Bratislava  |c 2023 
300 |a 61 s. 
100 1 |a Zsideková, Bianka 
700 1 |a Benešová, Dana, 1958- 
710 2 |a Obchodná fakulta EU. Katedra cestovného ruchu